Probability and statistics for engineers and scientists / (Record no. 189056)
[ view plain ]
| 000 -LEADER | |
|---|---|
| fixed length control field | 01598 a2200241 4500 |
| 003 - CONTROL NUMBER IDENTIFIER | |
| control field | Nust |
| 005 - DATE AND TIME OF LATEST TRANSACTION | |
| control field | 20230228141435.0 |
| 010 ## - LIBRARY OF CONGRESS CONTROL NUMBER | |
| LC control number | 97043762 |
| 020 ## - INTERNATIONAL STANDARD BOOK NUMBER | |
| International Standard Book Number | 0138402086 |
| 040 ## - CATALOGING SOURCE | |
| Transcribing agency | Nust |
| 082 00 - DEWEY DECIMAL CLASSIFICATION NUMBER | |
| Classification number | 519.54,WAL |
| 100 1# - MAIN ENTRY--PERSONAL NAME | |
| Personal name | Walpole, Ronald E. |
| 245 10 - TITLE STATEMENT | |
| Title | Probability and statistics for engineers and scientists / |
| Statement of responsibility, etc. | Ronald E. Walpole, Raymond H. Myers, Sharon L. Myers. |
| 250 ## - EDITION STATEMENT | |
| Edition statement | 8th ed. |
| 260 ## - PUBLICATION, DISTRIBUTION, ETC. | |
| Place of publication, distribution, etc. | Upper Saddle River, N.J. : |
| Name of publisher, distributor, etc. | Prentice Hall, |
| Date of publication, distribution, etc. | c2009. |
| 300 ## - PHYSICAL DESCRIPTION | |
| Extent | 840 p. : |
| Other physical details | ill. (some col.) ; |
| Dimensions | 25 cm. |
| 505 ## - FORMATTED CONTENTS NOTE | |
| Formatted contents note | Introduction to Statistics and Data Analysis (Page-25), Probability (Page-55), Random Varibles and Probability Distributions (Page-101),Mathematical Expectation (Page-131), Some Discrete Probability Distributions (Page-165), Some Continuous Probability Distributions (Page-195), Functions of Random Variables Optional (Page-235),Fundamental Sampling Distributions and Data Descriptions (Page-253), One and Two Sample Estimations Problems (Page-293), One and Two Sample Test of Hypotheses (Page-345), Simple Linear Regression and Correlation (Page-413), Multiple Linear Regression and Cretian Nonlinear Regression Models (Page-469), One Factor experiments: General (Page-535), Factorial Experiments (Page- 597), Factorial Experiments and Fractions (Page-635), Nonparametric Statistics (Page-695), Statistiacal Quality Control (Page-721), Bayesian Statistics (Page-749). |
| 650 #0 - SUBJECT ADDED ENTRY--TOPICAL TERM | |
| Topical term or geographic name entry element | Engineering |
| General subdivision | Statistical methods. |
| 9 (RLIN) | 129 |
| 650 #0 - SUBJECT ADDED ENTRY--TOPICAL TERM | |
| Topical term or geographic name entry element | Probabilities. |
| 700 1# - ADDED ENTRY--PERSONAL NAME | |
| Personal name | Myers, Raymond H. |
| 9 (RLIN) | 8670 |
| 700 1# - ADDED ENTRY--PERSONAL NAME | |
| Personal name | Myers, Sharon L., |
| Dates associated with a name | 1944- |
| 9 (RLIN) | 100253 |
| 942 ## - ADDED ENTRY ELEMENTS (KOHA) | |
| Source of classification or shelving scheme | |
| Koha item type | Book |
| Withdrawn status | Lost status | Source of classification or shelving scheme | Damaged status | Not for loan | Permanent Location | Current Location | Shelving location | Date acquired | Total Checkouts | Full call number | Barcode | Date last seen | Date last checked out | Price effective from | Koha item type | Public note | Collection code |
|---|---|---|---|---|---|---|---|---|---|---|---|---|---|---|---|---|---|
| Military College of Signals (MCS) | Military College of Signals (MCS) | General Stacks | 12/12/2016 | 7 | 519.54,WAL | MCS34826 | 12/29/2025 | 12/15/2025 | 12/12/2016 | Book | Almirah No.14, Shelf no. 6 | ||||||
| Military College of Signals (MCS) | Military College of Signals (MCS) | General Stacks | 12/12/2016 | 4 | 519.54,WAL | MCS34827 | 10/02/2025 | 10/01/2025 | 12/12/2016 | Book | Almirah No.14, Shelf no. 6 | ||||||
| Military College of Signals (MCS) | Military College of Signals (MCS) | 12/12/2016 | 519.54 WAL | MCS34829 | 12/08/2016 | 12/12/2016 | Book | ||||||||||
| Military College of Signals (MCS) | Military College of Signals (MCS) | General Stacks | 12/12/2016 | 519.54,WAL | MCS34830 | 12/08/2016 | 12/12/2016 | Book | Almirah No.72, Shelf No.1 | ||||||||
| Military College of Signals (MCS) | Military College of Signals (MCS) | General Stacks | 12/12/2016 | 2 | 519.54,WAL | MCS36116 | 12/18/2024 | 11/21/2024 | 12/12/2016 | Book | Almirah No.14, Shelf No.6 | ||||||
| Military College of Signals (MCS) | Military College of Signals (MCS) | 12/12/2016 | 519.54,WAL | MCS36370 | 12/08/2016 | 12/12/2016 | Book | Almirah No.77, Shelf No.1 | |||||||||
| Military College of Signals (MCS) | Military College of Signals (MCS) | 12/12/2016 | 519.54 WAL | MCS36880 | 03/12/2025 | 12/12/2016 | Book | ||||||||||
| Military College of Signals (MCS) | Military College of Signals (MCS) | General Stacks | 08/19/2023 | 8 | 519.54,WAL | MCS34828 | 10/20/2025 | 09/22/2025 | 08/19/2023 | Book | Almirah No.14, Shelf no. 6 | ||||||
| Military College of Signals (MCS) | Military College of Signals (MCS) | General Stacks | 08/19/2023 | 8 | 519.54,WAL | MCS30395 | 12/30/2025 | 12/15/2025 | 08/19/2023 | Book | Almirah No.14, Shelf no. 6 |
